000 00430 a2200145 4500
005 20250612072844.0
020 _a978-1-119-70286-3
082 _a658.7 SAN
100 _aSANDERS, N. R.
245 _aSupply Chain Management : A Global Perspective
250 _a3rd Ed.
260 _aHoboken,
_bWiley,
_c2017.
300 _axv, 334p.: Ill.; figures & table.
_bBibliographical references & Index
_c25cm.
942 _2ddc
_cBKS
999 _c3811
_d3811